| 000 | 00986nam a22003137a 4500 | ||
|---|---|---|---|
| 001 | 9786 | ||
| 003 | FISKH | ||
| 005 | 20260224113306.0 | ||
| 008 | 260224b cb ||||| |||| 00| 0 eng d | ||
| 020 | _a043914129X | ||
| 040 |
_aFISKH _beng _cFISKH _dFISKH |
||
| 050 | _aPZ8.3 .M795 .P | ||
| 082 | _a028 | ||
| 100 | _aMoran , Alex | ||
| 245 |
_aPopcorn / _cAlex Moran : Illustrated by Betsy Everitt |
||
| 250 | _aFirst Scholastic printing , October 1999 | ||
| 260 |
_aNew York : _bScholastic , _c1999. |
||
| 300 |
_a21 unnumbered pages : _bcolor illustrations ; _c22 cm. |
||
| 490 | _aA Green Light Reader | ||
| 505 | _aC | ||
| 520 | _aIllustrations and rhythmic, rhyming text show what happens when popping popcorn gets out of hand. | ||
| 521 | 8 |
_a110
_bLexile |
|
| 521 | 8 |
_aC
_bRaz-Plus |
|
| 650 |
_aRhythmic _vChildren's Books |
||
| 650 |
_aFood _vChildren's Books |
||
| 700 |
_aEveritt , Betsy _eIllustrator |
||
| 942 |
_2ddc _cBK _n0 |
||
| 999 |
_c9786 _d9786 |
||